000 01416nab a22002417a 4500
999 _c5919
_d5919
003 OSt
005 20260114005832.0
008 190605e xxu||||| |||| 00| 0 spa d
040 _cPJ
100 _96778
_aGarcía, Héctor O.
245 1 3 _aFondo de cese de servicios, Ley de Contrato de Trabajo y convenio colectivo /
_cHéctor O. García.
260 _aCiudad Autónoma de Buenos Aires :
_bThomson Reuters La Ley,
_c2024.
300 _ap. 35-46
500 _aCita: TR LALEY AR/DOC/3031/2023.
505 _aSumario: I. Introducción: el mandato constitucional.— II. Despido arbitrario y protección de la ley.— III. Panorámica de la protección contra el despido sin causa en el derecho internacional de los derechos humanos.— IV. Sobre la constitucionalidad de la indemnización prevista en el art. 245 LCT y de su eventual sustitución por un sistema de fondo de capitalización.— V. ¿Qué función podría desempeñar el convenio colectivo?— VI. Resumen final.
505 _t¿Te interesa el texto completo? Solicitalo al correo: koha@justierradelfuego.gov.ar
650 0 _91316
_aDERECHO LABORAL
650 0 _91323
_aCONTRATO DE TRABAJO
650 0 _91382
_aINDEMNIZACION
650 0 _91534
_aINDEMNIZACION POR DESPIDO
773 0 _02711
_93168
_dCiudad Autónoma de Buenos Aires : Thomson Reuters La Ley, 1999-2002.
_tRevista de derecho del trabajo. Nº 1 - Enero 2024
942 _2udc
_cANA